Figures of speech used in the Bible: (Record no. 645)

000 -LEADER
fixed length control field 00632nam a2200193 a 4500
001 - CONTROL NUMBER
control field :::00013801$&:&@@
003 - CONTROL NUMBER IDENTIFIER
control field OkBaRHE
005 - DATE AND TIME OF LATEST TRANSACTION
control field 20100324135137.0
008 - FIXED-LENGTH DATA ELEMENTS--GENERAL INFORMATION
fixed length control field s1987 j 000 0 eng u
040 ## - CATALOGING SOURCE
Transcribing agency
100 1# - MAIN ENTRY--PERSONAL NAME
Personal name Bullinger, E. W., 1837-1913.
245 10 - TITLE STATEMENT
Title Figures of speech used in the Bible:
Remainder of title explained and illustrated.
260 ## - PUBLICATION, DISTRIBUTION, ETC. (IMPRINT)
Place of publication, distribution, etc Grand Rapids, MI., :
Name of publisher, distributor, etc Baker Book House
Date of publication, distribution, etc 1987
300 ## - PHYSICAL DESCRIPTION
Extent 1104 p. ;
Dimensions 22 cm.
650 ## - SUBJECT ADDED ENTRY--TOPICAL TERM
Topical term or geographic name as entry element Bible
General subdivision Figures of Speech
650 ## - SUBJECT ADDED ENTRY--TOPICAL TERM
Topical term or geographic name as entry element Bible
General subdivision Interpretation
942 ## - ADDED ENTRY ELEMENTS (KOHA)
Source of classification or shelving scheme
Koha item type Books
Copies
Permanent Location Not for loan Damaged status Collection code Date acquired Shelving location Full call number Koha item type Source of classification or shelving scheme Lost status Withdrawn status Copy number Date last seen Barcode Price effective from
RHEMA Bible Training College  Reference2010-04-14General StacksBS 537 .B8Books   12011-12-02138012010-04-14